000 01304cam a2200349 4500
002 ##1366
008 090401t1995 xxu||||| |||| 00| 0 eng d
020 _a0854067124
035 _a(Sirsi) u62742
041 0 _aeng
050 0 4 _a336.21 $2 18
090 _aRICS 1995/104ABCD
110 2 _aRoyal Institution of Chartered Surveyors
_94900
245 0 4 _aThe contractor's basis of valuation for rating purposes
_ba guidance note
260 _aLondon
_bRICS
_c1995
300 _a16p.
_c30cm.
350 _a8.95
490 0 _aRICS Guidance Note
520 _aOut of date. Superseded by 2nd edition.
520 _aDeals with valuation derived from the capital cost of construction. Provides detailed coverage of the method, sateg by stage.
520 _aUnder review 1 August 2006.
651 4 _aEngland and Wales
_y1543-
690 _aPROPERTY-PROPERTY APPRAISAL AND VALUATION-TAXATION VALUATION
710 2 _aIncorporated Society of Valuers and Auctioneers
_91201
710 2 _aInstitute of Revenues, Rating and Valuation
_92992
710 2 _aValuation Office Agency
_93141
710 2 _aValuation and Lands Agency
_9966
710 2 _aScottish Assessors' Association
_9968
710 2 _aJoint Professional Institutions' Rating Valuation Forum
_9972
942 _n0
948 _c04/03/1997
999 _c94477
_d94477